[Event "High League 2019 w"]
[Site "Yaroslavl"]
[Date "2019.06.29"]
[Round "3.5"]
[White "Kovalevskaya, Ekaterina"]
[Black "Belenkaya, Dina"]
[Result "1-0"]
[WhiteElo "2413"]
[BlackElo "2321"]
[PlyCount "120"]
[EventDate "2019.??.??"]

1. c4 e5 2. g3 c6 3. d4 e4 4. Bg2 d5 5. Nc3 Nf6 6. cxd5 cxd5 7. Nh3 h6 8. O-O
Nc6 9. e3 Bg4 10. Qb3 Qd7 11. Nf4 Rd8 12. h3 Bf3 13. Bxf3 exf3 14. Qd1 g5 15.
Nd3 Qf5 16. Ne1 Qxh3 17. Qxf3 Ng4 18. Qg2 Qxg2+ 19. Kxg2 f5 20. f3 Nf6 21. Nd3
Bd6 22. Bd2 O-O 23. Rac1 Rf7 24. Na4 Re8 25. b4 a6 26. Nac5 Na7 27. a4 Nc8 28.
Ne5 Rc7 29. Ncd3 Nb6 30. Rxc7 Bxc7 31. Rc1 Bxe5 32. dxe5 Nfd7 33. Bc3 Nc4 34.
Kf2 b6 35. Bd4 Kf7 36. f4 Ke6 37. Ne1 Rh8 38. Rc2 g4 39. Ng2 h5 40. Ke2 Rh7 41.
Nh4 Rf7 42. Rc1 Ke7 43. Kd3 Nf8 44. Rxc4 dxc4+ 45. Kxc4 Ke6 46. Bxb6 Rd7 47.
Bc5 Rd8 48. Bd6 Nd7 49. e4 Nb6+ 50. Kd4 fxe4 51. f5+ Kd7 52. a5 Nc8 53. Bc5
Kc6+ 54. Kxe4 Rd1 55. f6 Re1+ 56. Kf5 Kd5 57. Ng6 h4 58. Nf4+ Kc6 59. gxh4 g3
60. f7 g2 1-0

[Event "High League 2019 w"]
[Site "Yaroslavl"]
[Date "2019.06.29"]
[Round "3.11"]
[White "Solozhenkina, Elizaveta"]
[Black "Bykova, Anastasia"]
[Result "1/2-1/2"]
[WhiteElo "2324"]
[BlackElo "2229"]
[PlyCount "89"]
[EventDate "2019.??.??"]

1. e4 c6 2. d4 d5 3. Nc3 dxe4 4. Nxe4 Nd7 5. Nf3 Ngf6 6. Nxf6+ Nxf6 7. c3 Bg4
8. h3 Bxf3 9. Qxf3 Qd5 10. Be2 Qxf3 11. Bxf3 e6 12. O-O Be7 13. Re1 O-O 14. Bf4
Rfd8 15. Rad1 Rd7 16. Be5 a5 17. a3 Nd5 18. c4 Nb6 19. Be2 Rad8 20. Rb1 Nc8 21.
Bg4 g6 22. g3 h5 23. Be2 f6 24. Bf4 Bd6 25. Bd2 Bc7 26. Bc3 Ne7 27. g4 h4 28.
b4 axb4 29. axb4 Kf7 30. b5 g5 31. Bf3 Bb8 32. bxc6 bxc6 33. Rb2 Ba7 34. Rbe2
Bxd4 35. Bxd4 Rxd4 36. Rxe6 Ng6 37. Rxc6 Ne5 38. Rc7+ Kf8 39. Bd5 R4xd5 40.
cxd5 Nf3+ 41. Kf1 Nxe1 42. Kxe1 Rxd5 43. Ke2 Re5+ 44. Kf3 Re6 45. Ra7 1/2-1/2

[Event "High League 2019 w"]
[Site "Yaroslavl"]
[Date "2019.07.03"]
[Round "6.1"]
[White "Kovalevskaya, Ekaterina"]
[Black "Tomilova, Elena"]
[Result "0-1"]
[WhiteElo "2413"]
[BlackElo "2289"]
[PlyCount "120"]
[EventDate "2019.??.??"]

1. Nf3 Nf6 2. c4 e6 3. Nc3 d5 4. e3 b6 5. b3 Bb7 6. Bb2 Nbd7 7. d4 Bd6 8. Bd3
O-O 9. O-O a6 10. cxd5 exd5 11. Bf5 Re8 12. Rc1 Ne4 13. Nxe4 dxe4 14. Ne5 Nf6
15. g3 g6 16. Bh3 Qe7 17. Nc4 Nd5 18. a3 f5 19. b4 Rad8 20. Re1 h5 21. Bf1 h4
22. Qc2 Qg5 23. Ne5 hxg3 24. hxg3 Re7 25. Qb3 Kf8 26. Bg2 Rh7 27. Nc6 Bxc6 28.
Rxc6 Bxg3 29. fxg3 Qxg3 30. Re2 Nf4 31. Rec2 Rdd7 32. Qc3 Nd5 33. Qd2 Nxe3 34.
Rxg6 Qh2+ 35. Kf2 Nxc2 36. Qxc2 Rde7 37. Rf6+ Kg7 38. Re6 Qf4+ 39. Kg1 Qe3+ 40.
Kf1 Qf4+ 41. Kg1 Rxe6 42. d5+ Rf6 43. Bd4 e3 44. Qb2 Rhh6 45. Be5 Qh4 46. Kf1
Qc4+ 47. Kg1 Rhg6 48. Bxf6+ Rxf6 49. Qe5 Kf7 50. Qxe3 f4 51. Qh3 Qd4+ 52. Kh2
Qe5 53. Qh7+ Kf8 54. Qh8+ Ke7 55. Qg7+ Kd6 56. Bf3 Qe7 57. Qg5 Qh7+ 58. Bh5 Rf5
59. Qd8+ Ke5 60. Qe8+ Kd4 0-1

[Event "High League 2019 w"]
[Site "Yaroslavl"]
[Date "2019.07.03"]
[Round "6.21"]
[White "Loskutova, Viktoriya"]
[Black "Ovod, Evgenija"]
[Result "1/2-1/2"]
[WhiteElo "2019"]
[BlackElo "2361"]
[PlyCount "89"]
[EventDate "2019.??.??"]

1. e4 e6 2. d4 d5 3. Nd2 c5 4. exd5 Qxd5 5. Ngf3 cxd4 6. Bc4 Qd6 7. O-O Nf6 8.
Nb3 Nc6 9. Nbxd4 Nxd4 10. Nxd4 a6 11. Re1 Be7 12. c3 O-O 13. Qf3 Qc7 14. Bd3
Bd6 15. h3 Nd7 16. Bc2 Ne5 17. Qe4 Ng6 18. Qf3 Bd7 19. a4 Rae8 20. a5 Ne5 21.
Qe2 Nc6 22. Nxc6 Bxc6 23. Be3 e5 24. Bb6 Qe7 25. Be4 Bxe4 26. Qxe4 f5 27. Qd5+
Kh8 28. Rad1 Rf6 29. c4 Re6 30. c5 Bb8 31. Qd7 Kg8 32. Qxe7 R6xe7 33. Rd5 g6
34. Red1 e4 35. Bd8 Rf7 36. Bg5 Be5 37. Rd7 Bxb2 38. Rxf7 Kxf7 39. Rd7+ Ke6 40.
Rxb7 Bc3 41. Rb6+ Kd5 42. Rxa6 Kxc5 43. Ra7 Kb5 44. a6 Be5 45. Rxh7 1/2-1/2

[Event "High League 2019 w"]
[Site "Yaroslavl"]
[Date "2019.07.04"]
[Round "7.8"]
[White "Lysenko, Margarita"]
[Black "Guseva, Marina"]
[Result "1-0"]
[WhiteElo "2224"]
[BlackElo "2379"]
[PlyCount "67"]
[EventDate "2019.??.??"]

1. c4 c6 2. Nf3 d5 3. e3 Nf6 4. Nc3 e6 5. b3 Bd6 6. Bb2 O-O 7. d4 Nbd7 8. Qc2
Qe7 9. Bd3 Re8 10. Rd1 dxc4 11. Bxc4 e5 12. Ng5 Rf8 13. d5 Nb6 14. dxc6 h6 15.
Nge4 Nxc4 16. bxc4 Bb4 17. cxb7 Bxb7 18. Nxf6+ Qxf6 19. O-O Qc6 20. Nd5 f6 21.
e4 Bc5 22. Rd3 Rf7 23. Ba3 Bd4 24. Rg3 Kh8 25. Qe2 Qd7 26. Qh5 f5 27. exf5 Bxd5
28. cxd5 Qxd5 29. Rg6 Qxa2 30. f6 e4 31. fxg7+ Bxg7 32. Bc1 Rb8 33. Bxh6 Kg8
34. Rxg7+ 1-0

[Event "High League 2019 w"]
[Site "Yaroslavl"]
[Date "2019.07.04"]
[Round "7.16"]
[White "Chkhan, Viktoria"]
[Black "Belenkaya, Dina"]
[Result "1-0"]
[WhiteElo "2141"]
[BlackElo "2321"]
[PlyCount "109"]
[EventDate "2019.??.??"]

1. d4 d5 2. c4 dxc4 3. e3 Nf6 4. Bxc4 e6 5. Nf3 a6 6. O-O c5 7. Bb3 b5 8. a4 b4
9. Nbd2 Bb7 10. e4 cxd4 11. e5 Ne4 12. Nxe4 Bxe4 13. Bg5 Be7 14. Bxe7 Qxe7 15.
Nd2 Bc6 16. Nc4 O-O 17. Qxd4 Rd8 18. Qe3 Nd7 19. Rac1 a5 20. Rfd1 Bd5 21. f4
Nc5 22. Nd2 Bxb3 23. Nxb3 Nxa4 24. Qf2 h6 25. h3 Qe8 26. Nc5 Qb5 27. Ne4 Rxd1+
28. Rxd1 b3 29. Nd6 Qc5 30. Qxc5 Nxc5 31. Kf2 f6 32. Ke3 fxe5 33. fxe5 a4 34.
Nc4 Kf7 35. Kd4 Nd7 36. Kc3 Ke7 37. Rxd7+ Kxd7 38. Nb6+ Kc6 39. Nxa8 Kb7 40.
Kb4 Kxa8 41. Kxa4 Kb7 42. Kxb3 Kc6 43. Kc4 Kb6 44. g4 Kc6 45. h4 g6 46. h5 gxh5
47. gxh5 Kb6 48. b4 Kc6 49. b5+ Kb6 50. Kb4 Kb7 51. Kc5 Kc7 52. b6+ Kd7 53. Kb5
Kc8 54. Kc6 Kb8 55. b7 1-0

[Event "High League 2019 w"]
[Site "Yaroslavl"]
[Date "2019.07.06"]
[Round "9.3"]
[White "Charochkina, Daria"]
[Black "Garifullina, Leya"]
[Result "1-0"]
[WhiteElo "2338"]
[BlackElo "2246"]
[PlyCount "133"]
[EventDate "2019.??.??"]

1. b3 Nf6 2. Bb2 e6 3. e3 b6 4. Nf3 Bb7 5. d4 Be7 6. Bd3 O-O 7. O-O d5 8. c4
dxc4 9. Bxc4 Nbd7 10. Qe2 c5 11. Rd1 Qc7 12. Nc3 a6 13. Rac1 b5 14. Bd3 Qb6 15.
Bb1 cxd4 16. Rxd4 Rfd8 17. Rcd1 Nf8 18. h3 Rxd4 19. Rxd4 Ng6 20. Ne4 Nd5 21.
Rd1 Rc8 22. Bd4 Qc6 23. Bb2 Qc7 24. Qd3 Rd8 25. Rc1 Qb8 26. Qe2 Qa8 27. Nc5 Bc6
28. Ne5 Be8 29. Nxg6 hxg6 30. Nd3 Rc8 31. Qd2 Rxc1+ 32. Qxc1 Bf6 33. Bxf6 Nxf6
34. Qc5 Qd5 35. b4 Qd8 36. f3 a5 37. bxa5 Qxa5 38. Qb4 Qa7 39. Qd4 Qxd4 40.
exd4 Nd5 41. Bc2 Nc3 42. Nc1 b4 43. Kf2 Bb5 44. h4 Kf8 45. g3 Ke7 46. Ke3 Kd6
47. Bb3 Nd5+ 48. Kd2 Ne7 49. g4 Bc6 50. Nd3 f6 51. Ke3 Ba8 52. Nxb4 e5 53.
dxe5+ Kxe5 54. Nd3+ Kd6 55. Bf7 f5 56. g5 f4+ 57. Kxf4 Bb7 58. a3 Nf5 59. h5
gxh5 60. Kxf5 Bxf3 61. Kf4 Be2 62. Ke3 Bg4 63. Nf2 Bc8 64. Bxh5 Ke5 65. Bg4 Ba6
66. Nd3+ Kd6 67. Kd4 1-0